000 00516nam a2200205Ia 4500
008 210210b2020 xxu||||| |||| 00| 0 eng d
020 _a9789389334395
041 _aeng
082 _a332K PRAV
100 _aPRABHAKARA SHISHILA
245 _aVittiya arthashastra
_bMonetary economics
260 _aMangaluru
_bUnited Publishers
_c2020
300 _avii,251
650 _aVittiya
650 _aMonetary
650 _aeconomics
650 _aarthashastra
690 _aMonetary Economics
906 _a074481
999 _c127285
_d127285